Quiz o Czechach - Statystyki

Ogólne statystyki
  • Ten quiz został rozwiązany 39 razy
    17 od ostatniego zresetowania
  • Średni wynik to 9 z 15
Statystyki odpowiedzi
Pytanie Odpowiedź % Poprawnych
Stolica Praga
100%
Państwo z którym graniczą Czechy od Południa Austria
85%
Państwo którego Czechy były częścią w latach 1918-1993 Czechosłowacja
85%
Język urzędowy Czeski
85%
Pełna nazwa państwa Republika Czeska
77%
Waluta Korona
69%
Region którego 10% znajduje się w Czechach Śląsk
69%
Góry leżące przy granicy Czech i Polski Sudety
62%
Państwo które zaatakowało Czechy w 1968 roku ZSRR
62%
Drugie największe miasto Brno
46%
Najwyższy szczyt Śnieżka
46%
Najdłuższa rzeka Wełtawa
38%
Państwo które zajęło Czechy w 1938 roku III Rzesza
31%
Obecny prezydent Czech Petr Pavel
15%
Góry leżące przy granicy Czech i Niemiec Rudawy
0%
Nie znaleziono quizów pasujących do podanych kryteriów
Rozkład punktacji
Procent ludzi z każdym wynikiem
Percentyl według liczby udzielonych odpowiedzi
Twoja historia wyników
Nie rozwiązałeś tego quizu od ostatniego zresetowania